00673nam a22001817a 4500999001900000003000500019038001100024082001600035100002800051245003500079260004400114300001300158880003200171880003600203942001200239952012000251952012000371 c532984d532984NUST awaseem a297.63bAKH aAkhtar, Muhammad926633 aAzeem Insan /cMuhammad Akhtar aLahore :bTayaba Noor Printers,c[s.l]. a376 p. ; 6100-01\raمحمد اختر 6245-02\raعظیم انسان / 2ddccBK 00102ddc4070aCLbCLcISLd2019-12-09eDonationl1o297.63 AKHpCL-D-802r2025-03-14s2025-03-12w2019-12-09yBK 00102ddc4070aCLbCLcISLd2019-12-09eDonationl1o297.63 AKHpCL-D-803r2022-04-12s2022-03-05w2019-12-09yBK